000 00296nam a2200133Ia 4500
008 100328s9999 xx 000 0 und d
082 _b47495
100 _aSheldon Jill
245 _aTime To Trust
260 _bScarlet
630 _aTime To Trust
730 _aTime To Trust
942 _cBOOK
999 _c535268
_d535265